[Event "Ïåðâåíñòâî Ìîñêâû ïî øàõìàòàì 2015 ñðåäè ìàëü÷èêîâ (Ì17)"]
[Site "Moscow"]
[Date "2015.11.20"]
[Round "9.6"]
[White "Ãðèãîðüåâ, Äìèòðèé"]
[Black "Ñû÷åâ, Äàíèèë"]
[Result "1-0"]
[WhiteElo "2076"]
[BlackElo "1955"]
[PlyCount "0"]
[EventDate "2015.11.12"]

1. e4 {[%clk 1:15:03]} e6 {[%clk 1:30:52]} 2. d4 {[%clk 1:15:29]} d5
{[%clk 1:31:20]} 3. Nd2 {[%clk 1:15:53]} c5 {[%clk 1:31:35]} 4. exd5
{[%clk 1:16:12]} Qxd5 {[%clk 1:31:58]} 5. Ngf3 {[%clk 1:16:14]} cxd4
{[%clk 1:32:13]} 6. Bc4 {[%clk 1:16:35]} Qd6 {[%clk 1:32:32]} 7. O-O
{[%clk 1:16:35]} Nc6 {[%clk 1:32:43]} 8. Nb3 {[%clk 1:16:19]} Nf6
{[%clk 1:32:38]} 9. Nbxd4 {[%clk 1:16:38]} Nxd4 {[%clk 1:32:47]} 10. Nxd4
{[%clk 1:17:04]} a6 {[%clk 1:32:20]} 11. c3 {[%clk 1:16:26]} Be7 {[%clk 1:31:19]}
12. Qf3 {[%clk 1:14:34]} O-O {[%clk 1:30:18]} 13. Re1 {[%clk 1:14:36]} Qc7
{[%clk 1:24:35]} 14. Bd3 {[%clk 1:14:01]} Bd7 {[%clk 1:17:57]} 15. Bg5
{[%clk 1:13:09]} Nd5 {[%clk 0:55:25]} 16. Bxe7 {[%clk 1:02:51]} Nxe7
{[%clk 0:55:47]} 17. Qh5 {[%clk 0:57:30]} g6 {[%clk 0:52:36]} 18. Qh4
{[%clk 0:56:41]} Nd5 {[%clk 0:51:12]} 19. g3 {[%clk 0:48:27]} Rae8
{[%clk 0:47:40]} 20. Re4 {[%clk 0:45:16]} f5 {[%clk 0:39:59]} 21. Ree1
{[%clk 0:44:25]} e5 {[%clk 0:39:15]} 22. Ne2 {[%clk 0:42:41]} Bc6
{[%clk 0:36:09]} 23. Bc4 {[%clk 0:42:16]} b5 {[%clk 0:36:01]} 24. Bb3
{[%clk 0:37:54]} Kg7 {[%clk 0:33:41]} 25. c4 {[%clk 0:33:31]} Nf6
{[%clk 0:32:24]} 26. cxb5 {[%clk 0:32:57]} axb5 {[%clk 0:28:00]} 27. Rac1
{[%clk 0:30:58]} Qb6 {[%clk 0:27:50]} 28. Qb4 {[%clk 0:30:21]} Ne4
{[%clk 0:24:44]} 29. Rf1 {[%clk 0:29:08]} Ba8 {[%clk 0:17:44]} 30. Rcd1
{[%clk 0:27:21]} Kh6 {[%clk 0:06:13]} 31. Bd5 {[%clk 0:25:02]} Nf6
{[%clk 0:05:02]} 32. Bxa8 {[%clk 0:23:17]} Rxa8 {[%clk 0:05:31]} 33. Nc3
{[%clk 0:20:15]} e4 {[%clk 0:05:09]} 34. Rd6 {[%clk 0:19:27]} Qa5
{[%clk 0:05:16]} 35. Qd4 {[%clk 0:19:06]} Ra6 {[%clk 0:04:18]} 36. Rd1
{[%clk 0:19:04]} b4 {[%clk 0:04:16]} 37. Rxa6 {[%clk 0:18:52]} Qxa6
{[%clk 0:04:39]} 38. Qxb4 {[%clk 0:19:08]} Qc8 {[%clk 0:04:18]} 39. Qe7
{[%clk 0:16:56]} f4 {[%clk 0:02:00]} 40. Nxe4 {[%clk 0:13:37]} Nxe4
{[%clk 0:02:19]} 41. Qxe4 {[%clk 0:13:55]} f3 {[%clk 0:02:36]} 42. Qe3+
{[%clk 0:12:26]} g5 {[%clk 0:02:29]} 43. h4 {[%clk 0:12:12]} Rf5 {[%clk 0:02:18]}
44. hxg5+ {[%clk 0:12:10]} Kg6 {[%clk 0:02:23]} 45. Qe7 {[%clk 0:10:57]} 1-0

[Event "Ïåðâåíñòâî Ìîñêâû ïî øàõìàòàì 2015 ñðåäè ìàëü÷èêîâ (Ì17)"]
[Site "Moscow"]
[Date "2015.11.20"]
[Round "9.7"]
[White "Ñàâåëüåâ, Àðòåì"]
[Black "Âåðøèíèí, Èâàí"]
[Result "1/2-1/2"]
[WhiteElo "1899"]
[BlackElo "1707"]
[PlyCount "0"]
[EventDate "2015.11.12"]

1. e4 {[%clk 1:26:54]} e6 {[%clk 1:30:29]} 2. d4 {[%clk 1:25:07]} d5
{[%clk 1:30:52]} 3. exd5 {[%clk 1:25:31]} exd5 {[%clk 1:31:17]} 4. Bd3
{[%clk 1:25:56]} Nc6 {[%clk 1:28:44]} 5. c3 {[%clk 1:26:11]} Qf6 {[%clk 1:21:33]}
6. Ne2 {[%clk 1:25:10]} Bd6 {[%clk 1:19:16]} 7. Nd2 {[%clk 1:22:14]} Nge7
{[%clk 1:15:25]} 8. h3 {[%clk 1:21:29]} Bf5 {[%clk 1:09:26]} 9. Nf3
{[%clk 1:21:05]} h6 {[%clk 1:08:54]} 10. Be3 {[%clk 1:19:03]} O-O-O
{[%clk 1:03:27]} 11. b4 {[%clk 1:18:06]} Rhe8 {[%clk 0:57:54]} 12. Qd2
{[%clk 1:08:21]} g5 {[%clk 0:45:06]} 13. O-O-O {[%clk 1:06:52]} Qg6
{[%clk 0:40:32]} 14. h4 {[%clk 0:56:15]} f6 {[%clk 0:31:29]} 15. Bxf5+
{[%clk 0:33:04]} Qxf5 {[%clk 0:27:49]} 16. Rdg1 {[%clk 0:23:47]} Qe4
{[%clk 0:21:05]} 17. hxg5 {[%clk 0:18:05]} hxg5 {[%clk 0:21:24]} 18. Ne1
{[%clk 0:17:13]} Nf5 {[%clk 0:15:40]} 19. Nc2 {[%clk 0:17:25]} Nxe3
{[%clk 0:12:58]} 20. fxe3 {[%clk 0:09:43]} f5 {[%clk 0:09:58]} 21. Re1
{[%clk 0:07:17]} Rh8 {[%clk 0:05:42]} 22. Kb2 {[%clk 0:06:48]} Nb8
{[%clk 0:03:58]} 23. Nc1 {[%clk 0:06:51]} Nd7 {[%clk 0:03:07]} 24. Qd3
{[%clk 0:03:28]} Qxd3 {[%clk 0:01:45]} 25. Nxd3 {[%clk 0:03:51]} Nb6
{[%clk 0:01:52]} 26. Rhf1 {[%clk 0:02:21]} Nc4+ {[%clk 0:02:01]} 27. Kc1
{[%clk 0:02:43]} Rdf8 {[%clk 0:01:02]} 28. Nb2 {[%clk 0:02:14]} Nxb2
{[%clk 0:01:07]} 29. Kxb2 {[%clk 0:02:37]} Rh2 {[%clk 0:01:05]} 30. Re2
{[%clk 0:02:51]} Kd7 {[%clk 0:00:47]} 31. Ne1 {[%clk 0:03:01]} Ke6
{[%clk 0:00:47]} 32. Kc2 {[%clk 0:02:50]} c6 {[%clk 0:00:47]} 33. Kd3
{[%clk 0:03:01]} Rfh8 {[%clk 0:00:44]} 34. Nf3 {[%clk 0:02:32]} R2h5
{[%clk 0:01:04]} 35. Ree1 {[%clk 0:02:01]} Bg3 {[%clk 0:00:54]} 36. Re2
{[%clk 0:00:37]} g4 {[%clk 0:00:46]} 37. Nd2 {[%clk 0:00:44]} Rh1
{[%clk 0:00:47]} 38. Rxh1 {[%clk 0:00:32]} Rxh1 {[%clk 0:01:10]} 39. c4
{[%clk 0:00:40]} Re1 {[%clk 0:00:37]} 40. Rxe1 {[%clk 0:00:32]} Bxe1
{[%clk 0:01:01]} 41. c5 {[%clk 0:00:44]} Kf6 {[%clk 0:00:39]} 42. a3
{[%clk 0:00:33]} Bxd2 {[%clk 0:00:35]} 43. Kxd2 {[%clk 0:00:55]} Kg5
{[%clk 0:00:36]} 44. g3 {[%clk 0:01:16]} 1/2-1/2

[Event "Ïåðâåíñòâî Ìîñêâû ïî øàõìàòàì 2015 ñðåäè ìàëü÷èêîâ (Ì17)"]
[Site "Moscow"]
[Date "2015.11.20"]
[Round "9.8"]
[White "Ãåéâîíäÿí, Àðñåí"]
[Black "Àíòîíÿí, Ãðàíò"]
[Result "1/2-1/2"]
[WhiteElo "1743"]
[BlackElo "2005"]
[PlyCount "0"]
[EventDate "2015.11.12"]

1. e4 {[%clk 1:29:33]} e5 {[%clk 1:30:59]} 2. Nf3 {[%clk 1:29:04]} Nc6
{[%clk 1:31:25]} 3. Bc4 {[%clk 1:29:29]} Bc5 {[%clk 1:31:53]} 4. d3
{[%clk 1:29:53]} Nf6 {[%clk 1:31:58]} 5. c3 {[%clk 1:30:00]} d6 {[%clk 1:32:25]}
6. Bb3 {[%clk 1:30:16]} h6 {[%clk 1:31:32]} 7. Nbd2 {[%clk 1:29:45]} O-O
{[%clk 1:31:56]} 8. Nf1 {[%clk 1:22:56]} Re8 {[%clk 1:27:26]} 9. Ng3
{[%clk 1:23:04]} d5 {[%clk 1:21:46]} 10. Qe2 {[%clk 1:22:31]} a6 {[%clk 1:14:14]}
11. O-O {[%clk 1:21:37]} Ba7 {[%clk 1:03:42]} 12. h3 {[%clk 1:13:41]} Be6
{[%clk 0:58:41]} 13. Bc2 {[%clk 1:13:41]} Qd7 {[%clk 0:46:59]} 14. Kh2
{[%clk 1:04:41]} Rad8 {[%clk 0:40:53]} 15. Nh4 {[%clk 1:00:41]} d4
{[%clk 0:26:03]} 16. Ngf5 {[%clk 0:52:31]} dxc3 {[%clk 0:24:39]} 17. bxc3
{[%clk 0:52:33]} Ne7 {[%clk 0:23:40]} 18. g4 {[%clk 0:52:17]} Nh7
{[%clk 0:14:33]} 19. Be3 {[%clk 0:20:47]} c5 {[%clk 0:13:00]} 20. a4
{[%clk 0:07:46]} b5 {[%clk 0:11:07]} 21. axb5 {[%clk 0:07:27]} axb5
{[%clk 0:11:36]} 22. Ra6 {[%clk 0:05:25]} Nc8 {[%clk 0:09:03]} 23. Kh1
{[%clk 0:05:48]} Kh8 {[%clk 0:09:20]} 24. Kh2 {[%clk 0:06:14]} Kg8
{[%clk 0:09:45]} 25. Kh1 {[%clk 0:06:39]} Kh8 {[%clk 0:09:00]} 26. Kh2
{[%clk 0:06:51]} Kg8 27. Rfa1 Bb6 28. Qd2 {[%clk 0:06:39]} Qb7 {[%clk 0:08:42]}
1/2-1/2

[Event "Ïåðâåíñòâî Ìîñêâû ïî øàõìàòàì 2015 ñðåäè ìàëü÷èêîâ (Ì17)"]
[Site "Moscow"]
[Date "2015.11.20"]
[Round "9.9"]
[White "Êóçüìèí, Èâàí"]
[Black "Òâåðäîõëåá, Àëåêñàíäð"]
[Result "1/2-1/2"]
[WhiteElo "1774"]
[BlackElo "1885"]
[PlyCount "0"]
[EventDate "2015.11.12"]

1. d4 {[%clk 1:30:59]} d5 {[%clk 1:23:23]} 2. Nf3 {[%clk 1:31:21]} Nf6
{[%clk 1:23:29]} 3. Bf4 {[%clk 1:31:40]} c6 {[%clk 1:23:19]} 4. c3
{[%clk 1:31:51]} Qb6 {[%clk 1:21:07]} 5. Qc2 {[%clk 1:31:37]} g6 {[%clk 1:19:33]}
6. Nbd2 {[%clk 1:31:11]} Bf5 {[%clk 1:18:55]} 7. Qb3 {[%clk 1:31:29]} Nbd7
{[%clk 1:17:32]} 8. e3 {[%clk 1:31:07]} Bg7 {[%clk 1:14:51]} 9. h3
{[%clk 1:31:13]} Ne4 10. Nxe4 {[%clk 1:30:12]} Bxe4 {[%clk 1:08:56]} 11. Ng5
{[%clk 1:30:27]} Nf6 {[%clk 0:58:13]} 12. Nxe4 {[%clk 1:30:40]} Nxe4
{[%clk 0:58:30]} 13. Bd3 {[%clk 1:30:54]} O-O {[%clk 0:56:02]} 14. Qc2
{[%clk 1:31:15]} f5 {[%clk 0:53:51]} 15. O-O {[%clk 1:31:10]} Rac8
{[%clk 0:52:21]} 16. b4 {[%clk 1:28:54]} Rce8 {[%clk 0:51:03]} 17. a4
{[%clk 1:25:59]} e5 {[%clk 0:48:35]} 18. a5 {[%clk 1:25:15]} Qd8 {[%clk 0:40:41]}
19. Bh2 {[%clk 1:25:25]} a6 {[%clk 0:39:41]} 20. f3 {[%clk 1:22:42]} Nd6
{[%clk 0:38:47]} 21. Be2 {[%clk 1:21:31]} exd4 {[%clk 0:27:10]} 22. exd4
{[%clk 1:21:14]} f4 {[%clk 0:26:26]} 23. Bd3 {[%clk 1:20:27]} Qh4
{[%clk 0:23:58]} 24. Qd2 {[%clk 1:19:35]} Re3 {[%clk 0:15:55]} 25. Rfe1
{[%clk 1:17:56]} Rfe8 {[%clk 0:15:50]} 26. Kf1 {[%clk 1:18:05]} Bh6
{[%clk 0:13:18]} 27. Bg1 {[%clk 1:18:05]} Rxe1+ {[%clk 0:13:24]} 28. Rxe1
{[%clk 1:18:28]} Rxe1+ {[%clk 0:13:19]} 29. Qxe1 {[%clk 1:18:52]} Qxe1+
{[%clk 0:13:42]} 30. Kxe1 {[%clk 1:19:17]} Kf7 {[%clk 0:13:38]} 31. Ke2
{[%clk 1:19:33]} Ke6 {[%clk 0:13:25]} 32. Bf2 {[%clk 1:19:51]} Bg7
{[%clk 0:11:33]} 33. Bh4 {[%clk 1:19:57]} Nf7 {[%clk 0:11:39]} 34. Bf2
{[%clk 1:20:01]} Kf6 {[%clk 0:10:42]} 35. Bh4+ {[%clk 1:20:19]} Ke6
{[%clk 0:09:43]} 36. Be1 {[%clk 1:20:42]} Bf6 {[%clk 0:07:43]} 37. Bd2
{[%clk 1:21:03]} Bg5 {[%clk 0:07:55]} 38. Bc1 {[%clk 1:21:02]} Kf6
{[%clk 0:06:54]} 39. Bd2 {[%clk 1:21:05]} Nd6 {[%clk 0:07:06]} 40. Bc1
{[%clk 1:19:26]} 1/2-1/2

[Event "Ïåðâåíñòâî Ìîñêâû ïî øàõìàòàì 2015 ñðåäè ìàëü÷èêîâ (Ì17)"]
[Site "Moscow"]
[Date "2015.11.20"]
[Round "9.10"]
[White "Áóðõàíîâ, Âàñèëèé"]
[Black "Õóäÿêîâ, Ñòàíèñëàâ"]
[Result "1/2-1/2"]
[WhiteElo "1868"]
[BlackElo "1750"]
[PlyCount "0"]
[EventDate "2015.11.12"]

1. e4 {[%clk 1:30:29]} e6 {[%clk 1:30:53]} 2. d4 {[%clk 1:30:28]} d5
{[%clk 1:31:07]} 3. Nc3 {[%clk 1:30:32]} Bb4 {[%clk 1:30:25]} 4. Bd3
{[%clk 1:30:35]} dxe4 {[%clk 1:25:02]} 5. Bxe4 {[%clk 1:30:18]} Nf6
{[%clk 1:25:01]} 6. Bf3 {[%clk 1:30:01]} O-O {[%clk 1:23:21]} 7. Nge2
{[%clk 1:29:56]} Nd5 {[%clk 1:21:21]} 8. O-O {[%clk 1:29:30]} c6 {[%clk 1:21:22]}
9. Ne4 {[%clk 1:27:26]} Nd7 {[%clk 1:19:14]} 10. c4 {[%clk 1:27:31]} N5f6
{[%clk 1:19:39]} 11. N4g3 {[%clk 1:27:45]} Nb6 {[%clk 1:16:47]} 12. b3
{[%clk 1:27:28]} Be7 {[%clk 1:17:05]} 13. Bb2 {[%clk 1:27:33]} h6
{[%clk 1:11:39]} 14. Qc2 {[%clk 1:26:24]} Qc7 {[%clk 1:09:25]} 15. Nc3
{[%clk 1:25:32]} Rd8 {[%clk 1:09:00]} 16. Rad1 {[%clk 1:25:51]} Qf4
{[%clk 1:01:09]} 17. Nce4 {[%clk 1:10:02]} Nxe4 {[%clk 0:53:29]} 18. Bxe4
{[%clk 1:10:08]} Bd7 {[%clk 0:38:41]} 19. Qe2 {[%clk 1:06:17]} Qg5
{[%clk 0:21:39]} 20. Bb1 {[%clk 1:03:39]} Re8 {[%clk 0:20:50]} 21. Qc2
{[%clk 0:53:25]} f5 {[%clk 0:19:57]} 22. f4 {[%clk 0:43:02]} Qg6 {[%clk 0:19:45]}
23. Kh1 {[%clk 0:42:42]} Rad8 {[%clk 0:16:09]} 24. Rd3 {[%clk 0:34:44]} Bf6
{[%clk 0:15:32]} 25. Rfd1 {[%clk 0:32:38]} Qf7 {[%clk 0:13:25]} 26. Qe2
{[%clk 0:30:37]} Kh7 {[%clk 0:08:29]} 27. Re3 {[%clk 0:25:39]} g6
{[%clk 0:07:15]} 28. h3 {[%clk 0:22:54]} Bc8 {[%clk 0:06:00]} 29. Nf1
{[%clk 0:22:25]} Bg7 {[%clk 0:05:31]} 30. Nh2 {[%clk 0:22:37]} Qc7
{[%clk 0:04:50]} 31. g3 {[%clk 0:19:34]} c5 {[%clk 0:03:58]} 32. Nf3
{[%clk 0:18:05]} cxd4 {[%clk 0:03:32]} 33. Bxd4 {[%clk 0:17:51]} Qc6
{[%clk 0:02:12]} 34. Kh2 {[%clk 0:18:00]} Bxd4 {[%clk 0:01:41]} 35. Nxd4
{[%clk 0:18:10]} Qc5 {[%clk 0:01:54]} 36. Red3 {[%clk 0:13:39]} Rd6
{[%clk 0:01:11]} 37. Nb5 {[%clk 0:10:18]} Rxd3 {[%clk 0:01:26]} 38. Rxd3
{[%clk 0:10:32]} e5 {[%clk 0:00:58]} 39. Nd6 {[%clk 0:09:34]} Re7
{[%clk 0:01:19]} 40. Nxc8 {[%clk 0:09:53]} Qxc8 {[%clk 0:00:51]} 41. fxe5
{[%clk 0:10:06]} Qe6 {[%clk 0:00:59]} 42. Re3 {[%clk 0:08:51]} Nd7
{[%clk 0:01:09]} 43. a3 {[%clk 0:07:34]} Nxe5 {[%clk 0:01:07]} 44. Kg2
{[%clk 0:08:01]} Qd6 {[%clk 0:01:05]} 45. b4 {[%clk 0:07:31]} Kg7
{[%clk 0:01:01]} 1/2-1/2

[Event "Ïåðâåíñòâî Ìîñêâû ïî øàõìàòàì 2015 ñðåäè"]
[Site "Moscow"]
[Date "2015.11.20"]
[Round "9.11"]
[White "Ìàçàåâ, Ðîìàí."]
[Black "Øåâåëåâ, Àëåêñàíäð."]
[Result "0-1"]
[WhiteElo "1726"]
[BlackElo "1496"]
[PlyCount "90"]
[EventDate "2015.11.12"]

1. d4 d5 2. Nf3 Nf6 3. e3 e6 4. Bd3 c5 5. b3 Nc6 6. Bb2 cxd4 7. exd4 Bd6 8. Ne5
O-O 9. O-O Qc7 10. f4 Nb4 11. Ba3 Nxd3 12. Bxd6 Qxd6 13. Qxd3 Ne4 14. Nd2 Nxd2
15. Qxd2 f6 16. Nd3 b6 17. Rf3 a5 18. Qe2 Ba6 19. Raf1 Bxd3 20. Rxd3 Rac8 21.
Rff3 Rf7 22. Qf2 Qa3 23. Qe2 Re7 24. Rc3 Rce8 25. Qb5 Qxa2 26. Qxb6 Qa1+ 27.
Kf2 e5 28. fxe5 fxe5 29. Rce3 Qxd4 30. Qxa5 Qd1 31. Qc5 e4 32. Rf5 d4 33. Qd5+
Re6 34. Kg3 Qxc2 35. Re5 dxe3 36. Rxe6 Qc7+ 37. Kh3 Qc8 38. Qc6 Qxe6+ 39. Qxe6+
Rxe6 40. b4 Rb6 41. g4 e2 42. g5 e1=Q 43. g6 Rxg6 44. b5 Qg1 45. b6 Qg4# 0-1

[Event "Ïåðâåíñòâî Ìîñêâû ïî øàõìàòàì 2015 ñðåäè"]
[Site "Moscow"]
[Date "2015.11.20"]
[Round "9.12"]
[White "Ìèíàøêèí, Èãîðü."]
[Black "Àõìåòîâ, Ãàçèç."]
[Result "0-1"]
[WhiteElo "1556"]
[BlackElo "1649"]
[PlyCount "118"]
[EventDate "2015.11.12"]

1. d4 d5 2. c4 c6 3. cxd5 cxd5 4. Nc3 Nc6 5. Nf3 Nf6 6. Bf4 e6 7. e3 a6 8. Bd3
Bd6 9. Bg5 Be7 10. O-O O-O 11. Rc1 h6 12. Bh4 b6 13. a3 Bb7 14. Na4 Nd7 15. Bg3
Rc8 16. b4 Re8 17. Qe2 b5 18. Nc5 Bxc5 19. dxc5 e5 20. Bf5 Ra8 21. Rfd1 Nf6 22.
Qb2 Qe7 23. Bh4 Rad8 24. Qb3 g5 25. Bg3 Bc8 26. Bxc8 Rxc8 27. h3 Rcd8 28. Rd2
Rd7 29. Rcd1 Red8 30. Bh2 Qe6 31. Qb2 Ne4 32. Rd3 Re8 33. Qb3 Red8 34. Qb2 f6
35. Ne1 f5 36. f3 Nf6 37. f4 gxf4 38. exf4 e4 39. Rg3+ Kf7 40. Qa2 Nh5 41. Nc2
Nxg3 42. Bxg3 d4 43. Qb2 d3 44. Ne3 Nd4 45. Bh4 Rg8 46. Qf2 Nf3+ 47. Kh1 Nxh4
48. Qxh4 d2 49. Qf2 Rgd8 50. c6 Rc7 51. Rxd2 Rxd2 52. Qxd2 Rxc6 53. Kh2 Rd6 54.
Qc3 Rd3 55. Qc5 Kf6 56. Qa7 Qd6 57. Kg3 Rxa3 58. Kh4 Qxf4+ 59. Kh5 Qg5# 0-1

[Event "Ïåðâåíñòâî Ìîñêâû ïî øàõìàòàì 2015 ñðåäè"]
[Site "Moscow"]
[Date "2015.11.20"]
[Round "9.13"]
[White "Èñàåâ, Íèêîëàé."]
[Black "Ñèíÿâèí, Ðîìàí."]
[Result "1-0"]
[WhiteElo "1616"]
[BlackElo "1625"]
[PlyCount "49"]
[EventDate "2015.11.12"]

1. d4 Nf6 2. Nf3 e6 3. e3 c5 4. Bd3 d5 5. b3 cxd4 6. exd4 Nbd7 7. Nbd2 Bd6 8.
Bb2 b6 9. Ne5 Qc7 10. f4 Bb7 11. O-O O-O 12. Qe2 Bb4 13. c3 Be7 14. Rf3 g6 15.
Rh3 Nxe5 16. fxe5 Ne8 17. Rf1 Ng7 18. Qe3 Rfe8 19. Qh6 Nh5 20. Rxh5 Bc5 21.
Qxh7+ Kf8 22. Bxg6 Bxd4+ 23. cxd4 f5 24. Qh8+ Ke7 25. Rh7+ 1-0

[Event "Ïåðâåíñòâî Ìîñêâû ïî øàõìàòàì 2015 ñðåäè"]
[Site "Moscow"]
[Date "2015.11.20"]
[Round "9.14"]
[White "Êàðàñåíè, Èâàí."]
[Black "Ôèíêåëüøòåéí, Àëåêñàíäð."]
[Result "1-0"]
[WhiteElo "1916"]
[BlackElo "1616"]
[PlyCount "140"]
[EventDate "2015.11.12"]

1. e4 e6 2. d4 d5 3. e5 c5 4. c3 Qb6 5. Nf3 Nc6 6. Bd3 cxd4 7. cxd4 Nb4 8. O-O
Nxd3 9. Qxd3 Bd7 10. Nc3 Rc8 11. Rd1 Ne7 12. Ng5 h6 13. Nh3 Nf5 14. Nf4 Rc4 15.
Nce2 Bb5 16. Nxd5 Qc6 17. Ndc3 Rxc3 18. Qxc3 Bxe2 19. Re1 Qxc3 20. bxc3 Bc4 21.
a4 Bd5 22. Rb1 Bc6 23. a5 Be7 24. Bb2 O-O 25. Red1 Rd8 26. Ra1 Bd5 27. Ba3 Bg5
28. Bc5 Rc8 29. Rd3 a6 30. Rh3 Be7 31. Bb6 Bd8 32. Bc5 Ne7 33. Ra4 Bc6 34. Ra1
Bb5 35. Rc1 Kf8 36. c4 Bd7 37. Ra1 Ke8 38. Rg3 g6 39. Rh3 Ng8 40. Rb3 Be7 41.
Ba7 Bc6 42. Rd3 f6 43. f4 Be4 44. Re3 Bf5 45. Rc1 fxe5 46. Rxe5 Bf6 47. Ree1
Kd7 48. Red1 Ne7 49. h3 h5 50. Kf2 Nc6 51. Bb6 Nb4 52. Kf3 Na2 53. Ra1 Nc3 54.
Rdc1 Be4+ 55. Kf2 Rxc4 56. Ra3 Bxd4+ 57. Bxd4 Rxd4 58. Raxc3 Bc6 59. g3 Rd5 60.
Rc5 Rd2+ 61. Ke1 Rh2 62. h4 Rh1+ 63. Kf2 Rxc1 64. Rxc1 Be4 65. Ke3 Bg2 66. Kd4
Kd6 67. Rc8 Bh1 68. Rg8 Bf3 69. Rxg6 Bg4 70. Rxg4 hxg4 1-0

[Event "Ïåðâåíñòâî Ìîñêâû ïî øàõìàòàì 2015 ñðåäè"]
[Site "Moscow"]
[Date "2015.11.20"]
[Round "9.15"]
[White "Àáäóëëàåâ, Ýëü÷èí."]
[Black "Êîìÿãèí, Ìèõàèë."]
[Result "1/2-1/2"]
[WhiteElo "1731"]
[BlackElo "1862"]
[PlyCount "79"]
[EventDate "2015.11.12"]

1. e4 d5 2. exd5 Qxd5 3. Nc3 Qa5 4. d4 Nf6 5. Bc4 Nc6 6. Nge2 Bf5 7. O-O O-O-O
8. Be3 e5 9. d5 Nb4 10. Bg5 Bxc2 11. Qd2 Bg6 12. a3 Na6 13. b4 Qb6 14. Be3 Qd6
15. Nb5 Qd7 16. Nxa7+ Kb8 17. Bxa6 bxa6 18. Nc6+ Kc8 19. Nxd8 Kxd8 20. Nc3 Ne4
21. Nxe4 Bxe4 22. Qe2 Qf5 23. Qd1 h5 24. f3 Bd3 25. Rf2 Bd6 26. Qd2 e4 27. fxe4
Qe5 28. Qxd3 Qxh2+ 29. Kf1 Qh1+ 30. Ke2 Qxa1 31. Rxf7 Qb2+ 32. Kf3 Qe5 33. Bf4
Qe8 34. Bg5+ Kc8 35. Qxa6+ Kb8 36. Rf5 g6 37. Rf6 Qe5 38. Qb5+ Kc8 39. Qa6+ Kb8
40. Qb5+ 1/2-1/2

[Event "Ïåðâåíñòâî Ìîñêâû ïî øàõìàòàì 2015 ñðåäè"]
[Site "Moscow"]
[Date "2015.11.20"]
[Round "9.16"]
[White "Ðîìàøèí, Äåíèñ."]
[Black "Òåðòû÷íûé, Äìèòðèé."]
[Result "1/2-1/2"]
[WhiteElo "1820"]
[BlackElo "1704"]
[PlyCount "112"]
[EventDate "2015.11.12"]

1. e4 c6 2. d4 d5 3. e5 Bf5 4. Bd3 Bxd3 5. Qxd3 e6 6. Nf3 Qa5+ 7. Bd2 Qa6 8.
Qxa6 Nxa6 9. O-O c5 10. Be3 cxd4 11. Nxd4 Bc5 12. c3 Ne7 13. Nd2 Nc6 14. N2b3
Bb6 15. f4 Nxd4 16. Bxd4 Bxd4+ 17. Nxd4 Ke7 18. f5 Nc5 19. Rf3 Ne4 20. Rf4 g5
21. fxg6 hxg6 22. Raf1 Rhf8 23. Nb5 f5 24. exf6+ Rxf6 25. Rxf6 Nxf6 26. Re1 Ne4
27. c4 a6 28. Nc7 Rd8 29. cxd5 exd5 30. Nxd5+ Rxd5 31. Rxe4+ Kf7 32. Kf2 Rb5
33. b3 Rh5 34. Rb4 b5 35. h3 Rf5+ 36. Kg3 Rd5 37. a4 bxa4 38. bxa4 a5 39. Rc4
Kf6 40. Rf4+ Kg5 41. h4+ Kh5 42. Kh3 g5 43. g4+ Kh6 44. Rf6+ Kg7 45. hxg5 Rxg5
46. Rf5 Rxf5 47. gxf5 Kf6 48. Kg4 Kg7 49. Kg5 Kf7 50. f6 Kf8 51. Kf5 Kf7 52.
Ke5 Ke8 53. Kd6 Kf7 54. Kc6 Kxf6 55. Kb6 Ke7 56. Kxa5 Kd7 1/2-1/2

[Event "Ïåðâåíñòâî Ìîñêâû ïî øàõìàòàì 2015 ñðåäè"]
[Site "Moscow"]
[Date "2015.11.20"]
[Round "9.17"]
[White "Ìåòåëåâ, Áîðèñ."]
[Black "Ñåäîâ, Ìàðê."]
[Result "1-0"]
[WhiteElo "1756"]
[BlackElo "1610"]
[PlyCount "91"]
[EventDate "2015.11.12"]

1. e4 c5 2. Nf3 Nc6 3. d4 cxd4 4. Nxd4 g6 5. Nc3 Bg7 6. Be3 Nf6 7. f3 O-O 8.
Qd2 d5 9. Nxc6 bxc6 10. e5 Nd7 11. f4 e6 12. Na4 f6 13. Qc3 Qc7 14. Nc5 Nb6 15.
Bd4 fxe5 16. fxe5 Re8 17. O-O-O Nd7 18. Re1 Nxc5 19. Bxc5 Bf8 20. Be3 a5 21. h4
Bb4 22. Qd4 Bxe1 23. h5 g5 24. Bxg5 Qg7 25. Bf6 Qh6+ 26. Kb1 Kf7 27. Bd3 Bd2
28. g4 Bg5 29. Rf1 Kg8 30. Qb6 Rf8 31. Qxc6 Bxf6 32. Rxf6 Rxf6 33. exf6 Bb7 34.
Qxb7 Rf8 35. g5 Qxh5 36. b3 Qf7 37. Qb6 e5 38. Bf5 Re8 39. Qg1 Rf8 40. Qg4 Kh8
41. Be6 Qb7 42. Bf5 Qf7 43. Qh4 Kg8 44. Qh6 e4 45. Be6 e3 46. Qg7# 1-0

[Event "Ïåðâåíñòâî Ìîñêâû ïî øàõìàòàì 2015 ñðåäè"]
[Site "Moscow"]
[Date "2015.11.20"]
[Round "9.19"]
[White "Áîðèñåíêî, Ñàâåëèé."]
[Black "Áóðàêîâ, Àëåêñàíäð."]
[Result "0-1"]
[WhiteElo "1642"]
[BlackElo "1758"]
[PlyCount "90"]
[EventDate "2015.11.12"]

1. e4 e6 2. d4 d5 3. exd5 exd5 4. Nf3 Nf6 5. Bg5 Be7 6. Bd3 O-O 7. O-O Bg4 8.
h3 Bh5 9. c3 c6 10. Nbd2 Nbd7 11. Qb3 Qc7 12. Rfe1 Rfe8 13. Qc2 Bg6 14. Bxg6
hxg6 15. Ne5 c5 16. Nxd7 Qxd7 17. dxc5 Bxc5 18. Bxf6 gxf6 19. Nf3 Qc6 20. Rad1
Rxe1+ 21. Nxe1 b5 22. Nd3 Bd6 23. Qb3 a5 24. Ne1 Rd8 25. Nf3 a4 26. Qc2 Be5 27.
Qe2 Re8 28. Qd3 Rd8 29. Qe3 Bd6 30. Qd4 a3 31. b3 Bc5 32. Qd3 Qb6 33. Nd4 Rc8
34. b4 Bxd4 35. cxd4 Rc4 36. Qxa3 Rxd4 37. Rxd4 Qxd4 38. Qa5 Qc4 39. a4 bxa4
40. Qxa4 d4 41. Qe8+ Kg7 42. b5 d3 43. Qe1 Qc2 44. b6 d2 45. Qxd2 Qxd2 0-1

[Event "Ïåðâåíñòâî Ìîñêâû ïî øàõìàòàì 2015 ñðåäè"]
[Site "Moscow"]
[Date "2015.11.20"]
[Round "9.20"]
[White "Ñìèðíîâ, Àðòåìèé."]
[Black "Àëåêñååâ, Âàñèëèé."]
[Result "1/2-1/2"]
[WhiteElo "1529"]
[BlackElo "1629"]
[PlyCount "78"]
[EventDate "2015.11.12"]

1. d4 Nf6 2. c4 e6 3. Nf3 b6 4. g3 Bb7 5. Bg2 Bb4+ 6. Bd2 Qe7 7. O-O O-O 8. a3
Bxd2 9. Qxd2 c5 10. Nc3 d5 11. Ne5 dxc4 12. Bxb7 Qxb7 13. dxc5 bxc5 14. Nxc4
Nc6 15. Qg5 Nd4 16. Rab1 Qa6 17. Ne3 Nxe2+ 18. Nxe2 Qxe2 19. Rfe1 Qf3 20. Qxc5
Ne4 21. Qc2 Rac8 22. Qe2 Qxe2 23. Rxe2 Rfd8 24. Kg2 Rb8 25. Rc2 Rb3 26. Rd1
Rdb8 27. Rd4 Nf6 28. Ra4 Rxb2 29. Rxb2 Rxb2 30. Rxa7 Kf8 31. Nc4 Ra2 32. Nd6
Ng4 33. Rxf7+ Kg8 34. Rf4 Ne3+ 35. Kh3 Nd1 36. Kg2 Rxa3 37. Rf3 Rxf3 38. Kxf3
Nb2 39. Ne4 Nd1 1/2-1/2

[Event "Ïåðâåíñòâî Ìîñêâû ïî øàõìàòàì 2015 ñðåäè"]
[Site "Moscow"]
[Date "2015.11.20"]
[Round "9.21"]
[White "Ìõèòàðÿí, Àðñåí."]
[Black "Óòðîáèí, Åãîð."]
[Result "1/2-1/2"]
[WhiteElo "1776"]
[BlackElo "1674"]
[PlyCount "90"]
[EventDate "2015.11.12"]

1. d4 d5 2. Nf3 e6 3. e3 Bd6 4. Bd3 Nf6 5. O-O Nbd7 6. b3 c6 7. Ba3 Qc7 8. Bxd6
Qxd6 9. c4 O-O 10. Nc3 e5 11. cxd5 Nxd5 12. Nxd5 cxd5 13. dxe5 Nxe5 14. Nxe5
Qxe5 15. Be2 Bf5 16. Qd2 Rfd8 17. Bd3 Bxd3 18. Qxd3 Qe4 19. Rfd1 Rac8 20. g3 g6
21. Qxe4 dxe4 22. Rxd8+ Rxd8 23. Rc1 Rd7 24. g4 Kg7 25. Rc4 f5 26. gxf5 gxf5
27. Kg2 Kf6 28. Kg3 Rg7+ 29. Kh3 h6 30. Rd4 Ke6 31. Rd8 Kf6 32. Rd6+ Kg5 33.
Kg3 Rg6 34. h4+ Kh5+ 35. Rxg6 Kxg6 36. f3 exf3 37. Kxf3 Kf6 38. Kf4 b6 39. e4
fxe4 40. Kxe4 Kg6 41. Kf4 Kh5 42. Kg3 b5 43. b4 Kg6 44. Kf4 Kf6 45. h5 a6
1/2-1/2

[Event "Ïåðâåíñòâî Ìîñêâû ïî øàõìàòàì 2015 ñðåäè"]
[Site "Moscow"]
[Date "2015.11.20"]
[Round "9.22"]
[White "Ìàõìóäîâ, Äæîðäæ."]
[Black "Êàäûêîâ, Àëåêñàíäð."]
[Result "1-0"]
[WhiteElo "1404"]
[BlackElo "1612"]
[PlyCount "67"]
[EventDate "2015.11.12"]

1. Nf3 Nf6 2. g3 g6 3. Bg2 Bg7 4. O-O d6 5. d3 Nbd7 6. Nbd2 a6 7. e4 Rb8 8. c3
O-O 9. Qc2 c5 10. a4 Qc7 11. a5 Ng4 12. Nc4 e6 13. Bf4 e5 14. Bd2 b5 15. axb6
Nxb6 16. Ne3 Nxe3 17. Bxe3 Bb7 18. Qd2 Ra8 19. Nh4 Rfe8 20. f4 Nd7 21. f5 Rf8
22. Bh6 Qb6 23. Kh1 Nf6 24. Rab1 Qc7 25. Qg5 Bxh6 26. Qxh6 Qd8 27. Bh3 Qe7 28.
Rf2 Kh8 29. Qg5 Qd8 30. Kg1 c4 31. fxg6 fxg6 32. Rbf1 Nd7 33. Qh6 Kg8 34. Be6+
1-0